corporate Governance (Record no. 13390)

MARC details
000 -LEADER
fixed length control field 00389nam a22001697a 4500
003 - CONTROL NUMBER IDENTIFIER
control field OSt
008 - FIXED-LENGTH DATA ELEMENTS--GENERAL INFORMATION
fixed length control field 250423b |||||||| |||| 00| 0 eng d
020 ## - INTERNATIONAL STANDARD BOOK NUMBER
International Standard Book Number 9789357466059
082 ## - DEWEY DECIMAL CLASSIFICATION NUMBER
Classification number 658.4 GOC
100 ## - MAIN ENTRY--PERSONAL NAME
Personal name GOEL,Sandeep
245 ## - TITLE STATEMENT
Title corporate Governance
250 ## - EDITION STATEMENT
Edition statement 1st Ed
260 ## - PUBLICATION, DISTRIBUTION, ETC. (IMPRINT)
Place of publication, distribution, etc New Delhi
Name of publisher, distributor, etc Wiley
Date of publication, distribution, etc 2024
300 ## - PHYSICAL DESCRIPTION
Extent 461
650 ## - SUBJECT ADDED ENTRY--TOPICAL TERM
Topical term or geographic name as entry element corporate Governance
942 ## - ADDED ENTRY ELEMENTS (KOHA)
Source of classification or shelving scheme Dewey Decimal Classification
Koha item type Text Books
Holdings
Withdrawn status Lost status Source of classification or shelving scheme Damaged status Not for loan Collection code Home library Current library Date acquired Source of acquisition Currency Cost, normal purchase price Bill Number Total Checkouts Full call number Acc. no. / Barcode Date last seen Actual Cost, discounted price Bill Date Koha item type Date last borrowed
    Dewey Decimal Classification     MBA PIET C-LIBRARY PIET C-LIBRARY 16/04/2025 Zaffa Books INR 899.00 ZBD0051   658.4 GOC 39462 23/04/2025 651.77 16/04/2025 Reference Books  
    Dewey Decimal Classification     MBA PIET C-LIBRARY PIET C-LIBRARY 16/04/2025 Zaffa Books INR 899.00 ZBD0051 1 658.4 GOC 39463 26/05/2025 651.77 16/04/2025 Text Books 14/05/2025
    Dewey Decimal Classification     MBA PIET C-LIBRARY PIET C-LIBRARY 16/04/2025 Zaffa Books INR 899.00 ZBD0051 2 658.4 GOC 39464 06/06/2025 651.77 16/04/2025 Text Books 26/05/2025
    Dewey Decimal Classification     MBA PIET C-LIBRARY PIET C-LIBRARY 16/04/2025 Zaffa Books INR 899.00 ZBD0051 3 658.4 GOC 39465 13/06/2025 651.77 16/04/2025 Text Books 30/05/2025
    Dewey Decimal Classification     MBA PIET C-LIBRARY PIET C-LIBRARY 16/04/2025 Zaffa Books INR 899.00 ZBD0051 1 658.4 GOC 39466 30/05/2025 651.77 16/04/2025 Text Books 14/05/2025

Design & Developed by: PIET Central Library
R70 Miles Stone Pattikalyana Samalkha Panipat 132102
mail ID :- [email protected], Phone No:- 0180-2569700 Ex.216